Quiz sulla Palestina - Statistics

Statistiche generali
  • Questo quiz è stato fatto 27 volte
  • Il punteggio medio è 14 su 26
Statistiche sulle risposte
Definizione Risposta % Corretto
Lingua Ufficiale Arabo
100%
De facto, la Palestina è illegalmente occupata da questo Stato Israele
100%
Confini Israele
100%
Evento che sta accadendo in questi anni tra Israele e Palestina Guerra
90%
Organizzazione palestinese che sta avendo un ruolo centrale in questo evento Hamas
90%
Religione più praticata Islam
90%
I due sport più popolari in Palestina Calcio
86%
Città più popolosa Gaza
86%
Giordania
81%
È un osservatore permanente di questa organizzazione ONU
81%
Egitto
76%
Numero di Patrimoni dell'Umanità UNESCO in Palestina 6
67%
Regione in cui la Palestina è situata Medio Oriente
62%
Capitale de facto Ramallah
52%
Capitale de iure Gerusalemme Est
43%
Animale presente sullo stemma della Palestina Aquila
33%
La ______ __ ________ è ufficialmente ancora in vigore Pena di morte
33%
Monete de facto Dinaro Giordano
29%
Anno in cui la Palestina si proclamò indipendente 1988
24%
Regione storico-geografica in cui si trova la Palestina Levante
24%
Sterlina Egiziana
24%
Presidente Mahmūd Abbās
19%
Rugby
19%
La Palestina è divisa in 2 regioni (Cisgiordania e Striscia di Gaza), che a sua volta sono divise in 16 ___________ Governatorati
0%
Primo Ministro Mohammad Mustafa
0%
Nuovo Shekel Israeliano
0%
Nessun quiz corrispondente trovato
Distribuzione punteggi
Percentuale di utenti per punteggio
Percentile per numero di risposta
I tuoi punteggi nel tempo
Non hai fatto questo quiz